| 000 | 00537nam a2200169Ia 4500 | ||
|---|---|---|---|
| 008 | 140626s9999 xx 000 0 und d | ||
| 100 | _aSteingrimsson, Ragnar. | ||
| 245 |
_aBrightness of different hues is a single psychological ratio scale of intensity / _cRagnar Steingrimsson ... [et al.]. |
||
| 260 | _cc2012. | ||
| 300 | _a125 : 3, page 307 | ||
| 440 | _aThe American Journal of Psychology | ||
| 521 | _aPSYCH | ||
| 650 | _aBrightness. | ||
| 650 | _aColor intensity scale. | ||
| 650 | _aPsychological ration. | ||
| 942 | _cSE | ||
| 999 |
_c121355 _d121355 |
||